LEADER 01481nam 2200397Ia 450 001 9910698722703321 005 20090424081331.0 035 $a(CKB)5470000002396631 035 $a(OCoLC)319154736 035 $a(EXLCZ)995470000002396631 100 $a20090424d1989 ua 0 101 0 $aeng 135 $aurmn||||a|||| 181 $ctxt$2rdacontent 182 $cc$2rdamedia 183 $acr$2rdacarrier 200 00$aComputer programs released as U.S. Geological Survey publications through August 1989$b[electronic resource] /$fby Randall C. Orndorff ... [and others] 210 1$a[Reston, Va.] :$cDept. of the Interior, U.S. Geological Survey,$d1989. 215 $a70 pages $cillustrations ;$d28 cm 225 1 $aOpen-file report ;$v89-681 300 $aTitle from title screen (viewed Apr. 24, 2009). 300 $aIncludes bibliographical references and indexes. 300 $aThis publication supersedes U.S. Geological Survey open-file report 86-172. 606 $aComputer programs$vBibliography 606 $aGeology$xComputer programs 608 $aBibliographies.$2lcgft 615 0$aComputer programs 615 0$aGeology$xComputer programs. 701 $aOrndorff$b Randall C$01406407 712 02$aGeological Survey (U.S.) 801 0$bGPO 801 1$bGPO 906 $aBOOK 912 $a9910698722703321 996 $aComputer programs released as U.S. Geological Survey publications through August 1989$93512048 997 $aUNINA LEADER 02766oam 2200625I 450 001 9910783617503321 005 20230617041349.0 010 $a1-134-27422-X 010 $a1-134-27423-8 010 $a1-280-17926-0 010 $a0-203-02383-8 024 7 $a10.4324/9780203023839 035 $a(CKB)1000000000249186 035 $a(EBL)201318 035 $a(OCoLC)437062992 035 $a(SSID)ssj0000137868 035 $a(PQKBManifestationID)11130106 035 $a(PQKBTitleCode)TC0000137868 035 $a(PQKBWorkID)10096403 035 $a(PQKB)11196487 035 $a(MiAaPQ)EBC201318 035 $a(Au-PeEL)EBL201318 035 $a(CaPaEBR)ebr10163246 035 $a(CaONFJC)MIL17926 035 $a(OCoLC)252707156 035 $a(EXLCZ)991000000000249186 100 $a20180706d2005 uy 0 101 0 $aeng 135 $aur|n|---||||| 181 $ctxt 182 $cc 183 $acr 200 10$aDeveloping writing skills in French /$fGraham Bishop and Bernard Haezewindt 210 1$aLondon ;$aNew York :$cRoutledge, in association with the Open University,$d2005. 215 $a1 online resource (204 p.) 225 1 $aDeveloping writing skills 300 $aDescription based upon print version of record. 311 $a1-138-16986-2 311 $a0-415-34897-8 327 $aBook Cover; Title; Copyright; Contents; Acknowledgements; Introduction; 1 Le bonheur; 2 L'habitat; 3 L'expression artistique; 4 L'environnement en danger; 5 Quelques personnages historiques; 6 Quelques e?di.ces publics; 7 Anecdotes; 8 Science et technologie; Feedback 330 $aDesigned for intermediate to advanced students, this text equips readers with the necessary skills to write confidently in French in a range of situations. Suitable for use as a classroom text or as a self-study course, it is carefully structured to ensure a better understanding of the effect of choice of words, register and style.Each chapter contains a selection of model texts, activities and clear notes on the format, style and language demonstrated. Every activity also has a model answer in the key, which also offers advice, explanations and further examples to support the stude 410 0$aDeveloping writing skills. 606 $aFrench language$xComposition and exercises 606 $aFrench language$xWritten French 615 0$aFrench language$xComposition and exercises. 615 0$aFrench language$xWritten French. 676 $a808/.0441 700 $aBishop$b Graham$f1946-,$01581434 701 $aHaezewindt$b Bernard$01581435 801 0$bFlBoTFG 801 1$bFlBoTFG 906 $aBOOK 912 $a9910783617503321 996 $aDeveloping writing skills in French$93862939 997 $aUNINA